[Event "CAN-ch U08 Girls"]
[Site "Vancouver"]
[Date "2012.07.03"]
[Round "2"]
[White "Murray, Sarah"]
[Black "Tan, Kylie"]
[Result "0-1"]
[WhiteElo "346"]
[BlackElo "815"]
[PlyCount "52"]
[EventDate "2012.07.03"]
[EventType "tourn"]
[EventRounds "8"]
[EventCountry "CAN"]
[SourceTitle "EXT 2022"]
[Source "ChessBase"]
[SourceDate "2021.10.06"]
[SourceVersion "1"]
[SourceVersionDate "2021.10.06"]
[SourceQuality "1"]

1. e4 e5 2. Nf3 Nc6 3. Bc4 Nf6 4. Nc3 Bb4 5. Ng5 0-0 6. Nxf7 Rxf7 7. Bxf7+ Kxf7 8. a3 Bxc3 9. dxc3 Nxe4 10. f3 Nf6 11. 0-0 d6 12. b4 Kg8 13. b5 Na5 14. Qe2 Be6 15. f4 Bc4 16. Qe1 Bxf1 17. Qxf1 exf4 18. Bxf4 Nh5 19. g3 Nxf4 20. gxf4 Qh4 21. Kh1 Rf8 22. f5 g6 23. f6 Rxf6 24. Qe2 Rf2 25. Qe6+ Kf8 26. Kg1 Qxh2# 0-1